Arlen V. BLJUM, Vladimir G. VOLOVNIKOV, eds. Cenzura v Sovetskom sojuze, 1917-1991. Dokumenty (La censure en Union soviétique 1917-1991. Documents) Moscou, ROSSPEN, 2004, 576 p. (Kul´tura i vlast´ ot Stalina do Gorba?eva. Dokumenty). (notice n° 1604312)
[ vue normale ]
| 000 -LEADER | |
|---|---|
| fixed length control field | 00682cam a2200145 4500500 |
| 005 - DATE AND TIME OF LATEST TRANSACTION | |
| control field | 20251228093410.0 |
| 041 ## - LANGUAGE CODE | |
| Language code of text/sound track or separate title | fre |
| 042 ## - AUTHENTICATION CODE | |
| Authentication code | dc |
| 100 10 - MAIN ENTRY--PERSONAL NAME | |
| Personal name | Guichard, Benjamin |
| Relator term | author |
| 245 00 - TITLE STATEMENT | |
| Title | Arlen V. BLJUM, Vladimir G. VOLOVNIKOV, eds. Cenzura v Sovetskom sojuze, 1917-1991. Dokumenty (La censure en Union soviétique 1917-1991. Documents) Moscou, ROSSPEN, 2004, 576 p. (Kul´tura i vlast´ ot Stalina do Gorba?eva. Dokumenty). |
| 260 ## - PUBLICATION, DISTRIBUTION, ETC. | |
| Date of publication, distribution, etc. | 2004.<br/> |
| 500 ## - GENERAL NOTE | |
| General note | 99 |
| 786 0# - DATA SOURCE ENTRY | |
| Note | Cahiers du monde russe | Vol 45 | 3 | 2004-11-01 | p. 613zq-658zq | 1252-6576 |
| 856 41 - ELECTRONIC LOCATION AND ACCESS | |
| Uniform Resource Identifier | <a href="https://shs.cairn.info/revue-cahiers-du-monde-russe-2004-3-page-613zq?lang=fr&redirect-ssocas=7080">https://shs.cairn.info/revue-cahiers-du-monde-russe-2004-3-page-613zq?lang=fr&redirect-ssocas=7080</a> |
Pas d'exemplaire disponible.




Réseaux sociaux